000 00461nab a2200145Ia 4500
003 ES-SlBCS
005 20210601133825.0
008 140529s1984 xxu||||| |||| 00| 0 por d
041 _apor
100 1 _aMoura, Laercio Dias de
_9207169
245 0 0 _aO Direito Natural. Precusor dos Direitos de Homem
_c Laercio Dias de Moura
650 0 4 _aDerecho Natural
_941746
773 0 _tPresença Filosofica
_gvol. 10, nº. 3-4, 1984, págs. 166-174
_wRev966
942 _cAR
999 _c602695
_d602695